=LDR 00000nam 2200000 4500 =001 INLIS000000000015201 =005 20130612110501 =008 ***********************************Ind** =035 ##$$0010-061300000015201 =041 ##$$a Ind =082 ##$$a 635.5 =090 ##$$a 635.5, PIT-k =100 ##$$a Pitojo, Setijo =245 ##$$a Kemangi dan Selasih, Setijo Pitojo =260 ##$$a 1996 $b Ungara =300 ##$$a IV, 48 hlm, Ilus, 21 cm =650 ##$$a Kemangi =850 ##$$a NBPNMAT